|
|
|
|
| LEADER |
03042nam a22003973i 4500 |
| 001 |
EBC4428572 |
| 003 |
MiAaPQ |
| 005 |
20231204023213.0 |
| 006 |
m o d | |
| 007 |
cr cnu|||||||| |
| 008 |
231204s2011 xx o ||||0 ger d |
| 020 |
|
|
|a 9783486853766
|q (electronic bk.)
|
| 020 |
|
|
|z 9783486704815
|
| 035 |
|
|
|a (MiAaPQ)EBC4428572
|
| 035 |
|
|
|a (Au-PeEL)EBL4428572
|
| 035 |
|
|
|a (CaPaEBR)ebr11270124
|
| 035 |
|
|
|a (OCoLC)959871359
|
| 040 |
|
|
|a MiAaPQ
|b eng
|e rda
|e pn
|c MiAaPQ
|d MiAaPQ
|
| 100 |
1 |
|
|a Naegle, Gisela.
|
| 245 |
1 |
0 |
|a Frieden Schaffen und Sich Verteidigen Im Spätmittelalter :
|b Faire la Paix et Se défendre à la Fin du Moyen Âge.
|
| 250 |
|
|
|a 1st ed.
|
| 264 |
|
1 |
|a Berlin/München/Boston :
|b Walter de Gruyter GmbH,
|c 2011.
|
| 264 |
|
4 |
|c {copy}2012.
|
| 300 |
|
|
|a 1 online resource (424 pages)
|
| 336 |
|
|
|a text
|b txt
|2 rdacontent
|
| 337 |
|
|
|a computer
|b c
|2 rdamedia
|
| 338 |
|
|
|a online resource
|b cr
|2 rdacarrier
|
| 490 |
1 |
|
|a Pariser Historische Studien Series ;
|v v.98
|
| 505 |
0 |
|
|a Intro -- INHALT/SOMMAIRE -- VORWORT UND DANK -- REMERCIEMENTS -- EINLEITUNG -- FRIEDENSSUCHE UND VERTEIDIGUNG / CHERCHER LA PAIX ET SE DÉFENDRE -- À LA RECHERCHE DE LA »PAIX FINALE« -- LEGITIMATION UND DELEGITIMIERUNG VON FEHDEN IN JURISTISCHEN UND THEOLOGISCHEN DISKURSEN DES SPÄTMITTELALTERS -- LANDFRIEDEN ALS KONZEPT UND REALITÄT KOLLEKTIVER SICHERHEIT IM HEILIGEN RÖMISCHEN REICH -- DIE POLITISCHE ROLLE DER STÄDTEBÜNDE IM SPÄTMITTELALTERLICHEN KASTILIEN (13.-16. JAHRHUNDERT) -- VERHANDELN UND FRIEDEN SCHAFFEN / NÉGOCIER ET FAIRE LA PAIX -- »LA PRÀTICHA DE AQUESTA CIUTAT E PRINCIPAT« -- LE PRINCE ET LA PAIX DES FAMILLES À FLORENCE (XIV< -- sup> -- e< -- /sup> -- SIÈCLE) -- ASSURER LA PAIX DES MÉNAGES DE LA DETTE À LA PAIX (PARIS, XIV< -- sup> -- e< -- /sup> -- -XV< -- sup> -- e< -- /sup> -- SIÈCLE) -- SAUVER LES MEUBLES -- FRIEDENSGEDANKEN ODER KRIEGSPLÄNE? / PENSER LA PAIX OU FAIRE LA GUERRE? -- »QUI DESIDERAT PACEM, PREPARAT BELLUM« -- FAIRE LA PAIX POUR FAIRE LA GUERRE PAIX ET GUERRE DANS LA CROISADE -- »ENTRE LE DIFFICILE ET LE POSSIBLE« -- LA ROYAUTÉ FRANÇAISE ET LE RENVOI DE MARGUERITE D'AUTRICHE -- CONCLUSIONS -- ZUSAMMENFASSUNGEN RÉSUMÉS -- AUSWAHLBIBLIOGRAPHIE BIBLIOGRAPHIE SÉLECTIVE 1990-2011 -- REGISTER/INDEX -- DIE AUTOREN/LES AUTEURS.
|
| 588 |
|
|
|a Description based on publisher supplied metadata and other sources.
|
| 590 |
|
|
|a Electronic reproduction. Ann Arbor, Michigan : ProQuest Ebook Central, 2023. Available via World Wide Web. Access may be limited to ProQuest Ebook Central affiliated libraries.
|
| 655 |
|
4 |
|a Electronic books.
|
| 776 |
0 |
8 |
|i Print version:
|a Naegle, Gisela
|t Frieden Schaffen und Sich Verteidigen Im Spätmittelalter
|d Berlin/München/Boston : Walter de Gruyter GmbH,c2011
|z 9783486704815
|
| 797 |
2 |
|
|a ProQuest (Firm)
|
| 830 |
|
0 |
|a Pariser Historische Studien Series
|
| 856 |
4 |
0 |
|u https://ebookcentral.proquest.com/lib/matrademy/detail.action?docID=4428572
|z Click to View
|